| 000 | 00612nam a22002057a 4500 | ||
|---|---|---|---|
| 003 | OSt | ||
| 005 | 20140310182934.0 | ||
| 008 | 130131t xxu||||| |||| 00| 0 eng d | ||
| 020 | _a9719345012 | ||
| 050 |
_aJQ1426 .P538 2006 _bP538 2006 |
||
| 082 | _aJQ1426 | ||
| 245 |
_aPhilippine politics and governance _cNoel M. Morada, Teresa S. Encarnacion Tadem, editors |
||
| 260 |
_aQuezon City _bDepartment of Political Science, University of the Philippines _cc2006 |
||
| 300 |
_a2v. _c24 cm. |
||
| 521 | _aCollege | ||
| 526 | _c1210L-1700L | ||
| 541 | _j1 | ||
| 562 | _e1 | ||
| 942 |
_2lcc _cBK _kFIL |
||
| 999 |
_c17572 _d17572 |
||